| 000 | 00730nam a2200301Ia 4500 | ||
|---|---|---|---|
| 001 | 12405 | ||
| 003 | IT-RoPAU | ||
| 008 | 130308s9999 xx 000 0 und d | ||
| 040 | _aIT-RoPAU | ||
| 040 | _cIT-RoPAU | ||
| 041 | _aITALIANO | ||
| 100 | _aIsotta Paolo | ||
| 100 | _gCodice Aut. SPICS: 5298 | ||
| 245 | _aGuardiano della musica (Il) | ||
| 245 | _bSuono e Parola | ||
| 250 | _a1a ed. | ||
| 260 | _aTORINO | ||
| 260 | _bFogola | ||
| 260 | _c1980 [1° Ed.:1977 - Ed.Ling.Originale:1977] | ||
| 300 | _a"16 p. (prefazione: 16; testo: )" | ||
| 500 | _aPremessa al Volume | ||
| 650 | _aSAGGI MUSICALI | ||
| 650 | _eCodice materia Spics: 7011 | ||
| 942 | _cBK | ||
| 957 | _71 | ||
| 999 |
_c59967 _d59967 |
||
| 999 | _bSI | ||
| 999 | _g1 | ||